Statistics for 50 Largest World Capitals

Click here to take the quiz!

General Stats

  • This quiz has been taken 73 times
  • The average score is 44 of 50

Answer Stats

CountryAnswer% Correct
ChinaBeijing
99%
GermanyBerlin
99%
IndonesiaJakarta
99%
UKLondon
99%
RussiaMoscow
99%
JapanTokyo
99%
SpainMadrid
97%
MexicoMexico
97%
FranceParis
97%
ItalyRome
97%
South KoreaSeoul
97%
SingaporeSingapore
97%
GreeceAthens
96%
ThailandBangkok
96%
EgyptCairo
96%
PhillipinesManila
96%
TurkeyAnkara
94%
IndiaDelhi
94%
VietnamHanoi
94%
PeruLima
94%
BrazilBrasilia
93%
SwedenStockholm
93%
IranTehran
93%
CubaHavana
91%
ChileSantiago
91%
TaiwanTaipei
91%
IraqBaghdad
90%
Hong KongHong Kong
90%
UkraineKiev
88%
AlgeriaAlgiers
87%
ColombiaBogota
87%
ArgentinaBuenos Aires
87%
AfghanistanKabul
87%
RomaniaBucharest
85%
VenezuelaCaracas
85%
SyriaDamascus
85%
KenyaNairobi
84%
Saudi ArabiaRiyadh
84%
MorroccoRabat
82%
JordanAmman
81%
BangladeshDhaka
81%
South AfricaPretoria
81%
North KoreaPyongyang
79%
AzerbaijanBaku
76%
EthiopiaAddis Ababa
75%
DRCKinshasa
75%
UzbekistanTashkent
70%
AngolaLuanda
67%
CambodiaPhnom Penh
55%
CameroonYaoundé
49%

Score Distribution

Percentile by Number Answered

Percent of People with Each Score

Your Score History

You have not taken this quiz